| 000 | 01268nam0a22003251 4500 | ||
|---|---|---|---|
| 001 | v19\rc\1810554 | ||
| 005 | 20260406094250.0 | ||
| 035 | _a(NLR Aleph) 004910512 | ||
| 090 |
_a5472199 _c5472199 |
||
| 100 | _a20251130 rusy50 | ||
| 101 | 0 | _arus | |
| 102 | _aRU | ||
| 105 | _ay z ||||| | ||
| 200 | 1 |
_aПризовые суды _fА.К. фон-Резон |
|
| 210 |
_aСанкт-Петербург _cСенат. тип. _d1906 |
||
| 215 |
_a[2], 183 с. _d24 |
||
| 311 | _aИз "Журн. М-ва юстиции", июнь и сент. 1905 г., февр. и март 1906 г. | ||
| 316 |
_aЭкз. РНБ (38.10.9.24): с автогр. авт. _5NLR: 38.10.9.24 |
||
| 488 | 0 |
_12001#$aЖурнал Министерства юстиции$v1905, июнь, сент.; 1906, февр., март _tЖурнал Министерства юстиции |
|
| 700 | 1 |
_7ca _8rus _aРезон _bА. К. фон _f1843-1915 _gАвгуст Карлович фон _3RU\NLR\AUTH\770286599 _92685814 |
|
| 801 | 0 |
_aRU _bNLR _gpsbo |
|
| 801 | 0 |
_aRU _bRuMoRGB _2psbo |
|
| 801 | 1 |
_aRU _bProSoft-M _2rusmarc |
|
| 852 |
_aNLR _j38.10.9.24 |
||
| 899 |
_aRuMoRGB _jM 35/248 |
||
| 899 | _aБАН | ||
| 899 | _aНБ СПбГУ | ||
| 899 | _aНБ МГУ | ||
| 942 | _cBOOK | ||
| 980 | _aNB | ||